Comercio electrn̤ico antecedentes, fundamentos y estado actual /c

Detalles Bibliográficos
Autor principal: Alonso Conde, Ana Belň
Formato: Desconocido
Lenguaje:español
Publicado: Madrid: Dykinson, 2004
Colección:Ciencias jurd̕icas y sociales (Universidad Rey Juan Carlos) ; 10
Materias:
Acceso en línea:Acceso restringido

MARC

LEADER 00000ny a22000003n 4500
005 20110524144533.0
008 040910s2004 sp a 000 0 spa c
017 |a D.L. SE.1772-2004 
020 |a 8497723791 
035 |a 588 
040 |a Mpons  |d vLex 
040 |a UMA.RE  |d vLex 
080 |a 658.8:004.738.5(460)(0.034) 
080 |a 658.8:004.738.5(460)(0.034) 
090 |c 235  |d 235 
100 1 |a Alonso Conde, Ana Belň 
245 1 0 |a Comercio electrn̤ico  |h [Recurso electrn̤ico]  |b antecedentes, fundamentos y estado actual /c  |c Ana Belň Alonso Conde 
256 |a Servicio en ln̕ea 
260 |a Madrid:  |b Dykinson,  |c 2004 
300 |a 96 p. :  |b il.,graf. ;  |c 24 cm 
490 1 |a Ciencias jurd̕icas y sociales;   |v 10 
506 1 |a Contenido solo disponible en los productos indicados  |d vLex Global  |d vLex Global (Academic Edition, excluding Law Schools)  |d vLex Global (U.S. Academic Edition, Law Schools)  |d vLex Global (U.S. Academic Edition, excluding Law Schools)  |d vLex Global (Academic Edition, Law Schools) 
650 0 7 |a Comercio electrn̤ico  |2 Tesauro vLex 
650 0 7 |a Nuevas tecnologa̕s  |2 Tesauro vLex 
650 0 7 |a Otras tarjetas y el comercio electrn̤ico  |2 Tesauro vLex 
740 0 |a vLex Libros (Servicios en ln̕ea) 
830 0 |a Ciencias jurd̕icas y sociales (Universidad Rey Juan Carlos) ;   |v 10 
856 4 0 |u http://vlex.com/source/588  |z Acceso restringido 
942 |c BOOK 
999 0 |a Electronic commerce  |b Madrid